000 00722nam a2200229Ia 4500
003 GCL
008 140319s9999 xx 000 0 ara d
020 _a1050679953
040 _aGCL /
_cGCL
082 0 4 _a612.67
_bك ش
100 1 _aكلنتسه، ميخائيل
245 1 0 _aشباب دائم :
_bالطب المضاد للشيخوخة /
_cكلنتسه، ميخائيل
700 1 _aالياس حاجوج
250 _aالاولى
260 _aبيروت :
_bالحوار الثقافى ،
_c2005
300 _a176 ص ؛
_c20 سم
650 0 4 _aالشيخوخة
650 0 4 _aالصحة الوقائية
650 0 4 _aالشيخوخة ـ أمراض
650 0 4 _aالطب المضاد
942 _2ddc
_cBK
999 _c7907
_d7907